| 000 | 00702nam a22002537a 4500 | ||
|---|---|---|---|
| 008 | 130513b xxu||||| |||| 00| 0 eng d | ||
| 020 | _a05-2100-316-4 | ||
| 024 | _cavailable | ||
| 037 | _cavailable | ||
| 040 | _aMBSTU LIbrary | ||
| 082 |
_222 _a425 MEE |
||
| 100 | _aMecarthy, Micchael | ||
| 110 | _a O Dell, Felicity | ||
| 245 | _a English vocabulary in use elementary | ||
| 260 |
_aNew York _bCambridge University Press _c1999 |
||
| 300 |
_a18 cm _b168 page _f11 _g18 cm |
||
| 600 | _aEnglish Grammar | ||
| 700 | _aMecarthy, Michael | ||
| 710 | _aO Dell, Felicity | ||
| 270 |
_aNew York _bNew York _dUSA |
||
| 365 |
_b166.00 _d166.00 |
||
| 942 |
_2ddc _cBK |
||
| 999 |
_c365 _d365 |
||